00457nam a22001697a 450000500170000001000150001702000260003203500140005803700090007208200150008110000250009624500610012125000060018226000250018827000470021330000270026020250616121629.0 aENG-145378 a9789380660752c295.00 aEN-128910 bDBAD14a301.15321 aChatterjee, Nandalal aBirth of India's National Struggle/cNandalal Chatterjee a1 aKolkatabParulc2011 bKolkataa8/3, Chinatamani Das Lanee700009 axviii, 166p.c24cm(hb)